000 00292nam a22001337a 4500
008 170815b xxu||||| |||| 00| 0 eng d
020 _a0976201915
041 _aeng
080 _a51
100 _a36
101 _aMAT
245 _aCOLLEGE ALGEBRA TRIGOMETRY
_cBRYANT.S
942 _2udc
_cBK
999 _c23526
_d23526